000 01365cad a22002055a 4500
001 L138673
008 070703s2007 xxk f 000 0 eng d
035 _a(Sirsi) u138673
041 0 _aeng
050 0 4 _a711.58 $2 18
110 1 _aUnited Kingdom
_bPlanning Inspectorate
_92192
245 0 0 _aLocal development frameworks
_blessons learnt examining development plan documents
_h[electronic resource]
260 _aBristol
_bPlanning Inspectorate
_c2007
520 _aProvides guidance on how local planning authorities should develop a sound core strategy within the new local plan system. The Planning Inspectorate is concerned that the need for all stakeholders to adopt a cultural change has not fully been appreciated. The core strategy should be used to articulate what areas should look like in future and how this will be achieved. Planning strategies should be clear in the first case before policy details needed to support that strategy are considered. This positive delivery approach entails providing a picture of how an area will develop spatially within the plan period.
590 _aKA
651 4 _aEngland and Wales
_y1543-
690 _aENVIRONMENTAL AND LAND CONSULTANCY-PLANNING AND DEVELOPMENT
856 4 0 _uhttps://www.oxford.gov.uk/Direct/84235CD125LDFsLessonsLearnt.pdf
_zView the item free of charge at www.oxford.gov.uk
942 _n0
999 _c107221
_d107221